000 01074nam a22002657a 4500
999 _c63425
_d63425
005 20240530110640.0
008 171011s2016 ua g b 000 0 ara d
017 _a2015/16107
_bمصر. دار الكتب
020 _a9789777532600
040 _aEG-CaGPL
_cEG-CaGPL
082 0 4 _221
_a250 /
_bم م
100 0 _aمحمد ابراهيم سعد النادى
245 1 0 _aموت الدماغ وموقف الفقة الاسلامى منة :
_bدراسة مقارنة /
_cمحمد ابراهيم سعد النادى
250 _aط. 1
260 _aالاسكندرية :
_bمكتبة الوفاء القانونية ،
_c2016.
300 _a163 ص. ؛
_c24 سم.
504 _aيشتمل على ارجاعات ببليوجرافية
650 0 7 _2qrmak
_aالفقه الاسلامى
650 0 7 _2qrmak
_aالاحكام الشرعية
650 0 7 _2qrmak
_aالقواعد الفقهية
653 0 _aالفقه المقارن
653 0 _aموت - الدماغ - الفقه المقارن
942 _2ddc
_cBK